| 000 | 00659nam a22002177a 4500 | ||
|---|---|---|---|
| 999 |
_c11387 _d11387 |
||
| 003 | AR-CdUCM | ||
| 008 | 190403b ||||| |||| 00| 0 spa d | ||
| 040 |
_aMUNICIPALIDAD PROVINCIAL DEL CUSCO _cBIBLIOTECA MUNICIPAL DEL CUSCO |
||
| 082 |
_a346 / _bL213 / 1913 _24ed. |
||
| 100 |
_aLama, Miguel Antonio de la _928722 |
||
| 245 |
_aCódigo civil : _bAnotado y concordado / |
||
| 260 |
_aLima : _bGil, _c1913. |
||
| 300 |
_a1180 páginas ; _c21 cm. |
||
| 505 | _aContenido: Código civil. | ||
| 650 |
_aPerú _935 |
||
| 650 |
_aCódigo civil _928051 |
||
| 650 |
_aDerecho Civil _95265 |
||
| 650 |
_aLegislación _92962 |
||
| 942 |
_2ddc _cLIBROS |
||
| 945 | _acmm | ||